Twilight Imperium Factions - Statistics

General Stats
  • This quiz has been taken 15 times
  • The average score is 18 of 24
Answer Stats
Hint Answer % Correct
Humans Federation of Sol
100%
War Suns Embers of Muaat
89%
Lion Traders Emirates of Hacan
89%
Robot Emperors L1Z1X Mindnet
89%
Robot Virus Nekro Virus
89%
Tired Giants Titans of Ul
89%
Genius Fish Universities of Jol-Nar
89%
Custodians Winnu
89%
Space Turtles Xxcha Kingdom
89%
Hivemind Arborec
78%
Blue War Elves Barony of Letnev
78%
Asteroid Outcasts Clan of Saar
78%
Suicide Clones Yin Brotherhood
78%
Guardian Birds Argent Flight
67%
Armored Light Ghosts of Creuss
67%
Space Pirates Mentak Coalition
67%
Fighter Snakes Naalu Collective
67%
Bug Warriors Sardakk N'orr
67%
Wormhole Demons Vuil'Raith Cabal
67%
Goblin Thieves Yssaril Tribes
67%
Anomaly Elders Empyrean
56%
Emperors of Old Mahact Gene-Sorcerers
56%
Future Traders Nomad
56%
Communist Freinds Naaz-Rokha Alliance
44%
No matching quizzes found
Score Distribution
Percent of People with Each Score
Percentile by Number Answered
Your Score History
You have not taken this quiz